| 000 | 01193cam a2200337 a 4500 | ||
|---|---|---|---|
| 999 |
_c9998 _d9998 |
||
| 001 | 216103 | ||
| 003 | GBCCL | ||
| 005 | 20241126110723.0 | ||
| 008 | 930831s1993 tnu b 000 0 eng d | ||
| 010 | _a 99173184 | ||
| 020 | _a0840734662 | ||
| 035 | _a(DLC) 99173184 | ||
| 035 | _a(OCoLC)28725909 | ||
| 040 |
_aOTifH _cOTifH _dDLC |
||
| 042 | _alccopycat | ||
| 050 | 0 | 0 |
_aBJ1581.2 _b.T52 1993 |
| 082 |
_a158.1 _bTHU |
||
| 100 | 1 |
_aThurman, Chris. _917391 |
|
| 240 | 1 | 0 | _aTruths we must believe |
| 245 | 1 | 4 |
_aThe 12 best kept secrets for living an emotionally healthy life / _cChris Thurman. |
| 246 | 3 | _aTwelve best kept secrets for living an emotionally healthy life | |
| 260 |
_aNashville, Tenn. : _bT. Nelson, _cc1993. |
||
| 300 |
_axiv, 225 p. ; _c21 cm. |
||
| 500 | _a"A Janet Thoma book." | ||
| 500 | _aOriginally published: The truths we must believe. Nashville : T. Nelson, c1991. | ||
| 504 | _aIncludes bibliographical references (p. [204]-205). | ||
| 650 | 0 |
_aConduct of life. _9524 |
|
| 906 |
_a7 _bcbc _ccopycat _d2 _encip _f19 _gy-gencatlg |
||
| 942 |
_2ddc _cBK |
||